| 000 | 00650nam a2200193Ia 4500 | ||
|---|---|---|---|
| 003 | GCL | ||
| 008 | 140319s9999 xx 000 0 ara d | ||
| 040 |
_aGCL / _cGCL |
||
| 082 | 0 | 4 |
_a808.88 _bا ن |
| 100 | 1 | _aاسحق موسى الحسينى | |
| 245 | 1 | 0 |
_aنقل الاديب لاديب العربية محمد اسعاف النشاشيبى / _cاسحق موسى الحسينى |
| 300 | _a167 ص | ||
| 490 |
_aالهيئة العامة للاستعلامات _v0 |
||
| 650 | 0 | 4 | _aالادب العربى |
| 650 | 0 | 4 | _aالادباء العرب |
| 650 | 0 | 4 | _aالاداء الصوتى |
| 650 | 0 | 4 | _aمختارات ادبية |
| 942 |
_2ddc _cBK |
||
| 999 |
_c50129 _d50129 |
||